| 000 | 00691cam a2200229 a 4500 | ||
|---|---|---|---|
| 001 | 4328106 | ||
| 005 | 20180130034955.0 | ||
| 008 | 880318s1989 ctua f 001 0 eng c | ||
| 010 | _a 88010373 | ||
| 020 | _a0838588441 | ||
| 040 |
_aDNLM/DLC _cDLC _dDLC |
||
| 041 | _aeng | ||
| 060 | _aWO 300 S425t | ||
| 080 | _a617.964 | ||
| 082 | 0 | 0 |
_a617.964 SCO _219 |
| 100 | 1 | _a6 | |
| 101 | _aANE | ||
| 245 | 1 | 0 |
_aTechniques of regional anesthesia / _cD. Bruce Scott ; Lennart Hakansson, coordinator ; Poul Buckhöj, medical artist ; foreword by Phillip R. Bromage. |
| 504 | _aIncludes bibliographies and index. | ||
| 906 |
_a7 _bcbc _corignew _d1 _eocip _f19 _gy-gencatlg |
||
| 942 |
_2ddc _cBK |
||
| 999 |
_c41230 _d41230 |
||